000 01189nam0a22002651 4500
001 RU\NLR\INFOCOMM_190\5000036177
005 20250613092534.0
010 _9[5000] экз.
_d[Б. ц.]
035 _a(NLR Aleph) 009166253
090 _a8484828
_c8484828
100 _a20100211d1931 |||y0rusy50 ca
101 0 _ager
102 _aRU
105 _ay ||||000|y
200 1 _aˆ...‰ Der Bund der kämpfenden gottlosen und seine Tätigkeit
_e[Artickelsammlung]
_fDer Bund der kämpfenden gottlosen der USSR
210 _aMoskau
_aLeninegrad
_cOgiz - Moskowsky rabotschy
_d1931 [на обл.: 1932]
_g[Интернациональная тип. в Мск]
215 _a45, [2] с.
_d21×15 см
300 _aНа обороте тит. л.: "Союз воинствующих безбожников и его работа"
320 _aБиблиография: указания периодической литературы к статье "Der B. K. G. inziffern" (21 назв.)
601 0 2 _aСоюз воинствующих безбожников
_cСССР
_2nlr_sh1
801 1 _aRU
_bNLR
_c20100211
801 0 _aRU
_bNLR
_gPSBO
852 _aNLR
_jЕ-10/606
942 _cBOOK
980 _aNB